[Event "Bhubaneswar op-A 14th"]
[Site "Bhubaneswar"]
[Date "2023.06.16"]
[Round "8"]
[White "Singgih, Diajeng Theresa"]
[Black "Sriansh, Das"]
[Result "0-1"]
[WhiteElo "1853"]
[BlackElo "1633"]
[PlyCount "38"]
[EventDate "2023.06.11"]
[EventType "swiss"]
[EventRounds "10"]
[EventCountry "IND"]
[SourceTitle "CBM 214 Extra"]
[Source "ChessBase"]
[SourceDate "2023.07.31"]
[SourceVersion "1"]
[SourceVersionDate "2023.07.31"]
[SourceQuality "1"]

1. e4 e6 2. d4 d5 3. exd5 exd5 4. Nf3 Bd6 5. Bd3 Nf6 6. 0-0 0-0 7. Ne5 c5 8. c3 Bxe5 9. dxe5 Ng4 10. h3 Nxe5 11. Bxh7+ Kxh7 12. Qh5+ Kg8 13. Qxe5 Nc6 14. Qh5 Qd6 15. Bf4 Qxf4 16. Qxd5 Qe5 17. Qb3 Qe6 18. Qa3 Qg6 19. c4 Nd4 0-1

[Event "Bhubaneswar op-A 14th"]
[Site "Bhubaneswar"]
[Date "2023.06.13"]
[Round "3"]
[White "Sriansh, Das"]
[Black "Subrota, Biswas"]
[Result "0-1"]
[WhiteElo "1633"]
[BlackElo "2222"]
[PlyCount "54"]
[EventDate "2023.06.11"]
[EventType "swiss"]
[EventRounds "10"]
[EventCountry "IND"]
[SourceTitle "CBM 214 Extra"]
[Source "ChessBase"]
[SourceDate "2023.07.31"]
[SourceVersion "1"]
[SourceVersionDate "2023.07.31"]
[SourceQuality "1"]

1. e4 e6 2. d4 d5 3. exd5 exd5 4. Bd3 Nc6 5. c3 Bd6 6. Nf3 Nge7 7. 0-0 Bg4 8. a4 Qd7 9. Re1 h6 10. Na3 a6 11. h3 Bf5 12. Ne5 Bxe5 13. dxe5 d4 14. Bxf5 Nxf5 15. Qf3 0-0-0 16. Bf4 g5 17. Bh2 h5 18. b4 g4 19. Qf4 Nce7 20. b5 Nd5 21. e6 fxe6 22. bxa6 Nxf4 23. a7 Qc6 24. a8Q+ Kd7 25. Qxd8+ Rxd8 26. Bxf4 Nh4 27. f3 gxf3 0-1

[Event "Bhubaneswar op-A 14th"]
[Site "Bhubaneswar"]
[Date "2023.06.11"]
[Round "1"]
[White "Sriansh, Das"]
[Black "Priansh, Das"]
[Result "1-0"]
[WhiteElo "1633"]
[BlackElo "1851"]
[PlyCount "87"]
[EventDate "2023.06.11"]
[EventType "swiss"]
[EventRounds "10"]
[EventCountry "IND"]
[SourceTitle "EXT 2024"]
[Source "ChessBase"]
[SourceDate "2023.10.10"]
[SourceVersion "1"]
[SourceVersionDate "2023.10.10"]
[SourceQuality "1"]

1. e4 e6 2. d4 d5 3. Nd2 dxe4 4. Nxe4 Nd7 5. Nf3 Ngf6 6. Bd3 Be7 7. Nxf6+ Bxf6 8. Bf4 0-0 9. Qe2 c5 10. Qe4 g6 11. Be5 cxd4 12. Bxd4 Qa5+ 13. Nd2 Nc5 14. Bxc5 Qxc5 15. Rb1 Qa5 16. Qc4 e5 17. b4 Qd8 18. Qb3 Be6 19. Bc4 Bf5 20. Rd1 Qc7 21. 0-0 Rac8 22. Bd3 Be6 23. Qa4 a6 24. c4 Rfd8 25. Ne4 Be7 26. c5 f5 27. Nc3 Rd4 28. Ne2 Rd7 29. Bc4 Bxc4 30. Rxd7 Qc6 31. Qxc6 bxc6 32. Rxe7 Bxe2 33. Re1 Bc4 34. R1xe5 Bxa2 35. Re8+ Rxe8 36. Rxe8+ Kf7 37. Rd8 Bd5 38. f4 h6 39. h4 Ke7 40. Rd6 Kf7 41. Kf2 h5 42. g3 Be4 43. Ke3 Kg7 44. Rd7+ 1-0

[Event "Visakhapatnam Vizag op"]
[Site "Visakhapatnam"]
[Date "2022.06.11"]
[Round "2"]
[White "Sriansh, Das"]
[Black "Nguyen, Van Huy"]
[Result "0-1"]
[WhiteElo "1825"]
[BlackElo "2383"]
[PlyCount "76"]
[EventDate "2022.06.10"]
[EventType "swiss"]
[EventRounds "10"]
[EventCountry "IND"]
[SourceTitle "CBM 208 Extra"]
[Source "ChessBase"]
[SourceDate "2022.07.31"]
[SourceVersion "1"]
[SourceVersionDate "2022.07.31"]
[SourceQuality "1"]

1. e4 c6 2. Nc3 d5 3. Nf3 Bg4 4. h3 Bh5 5. exd5 cxd5 6. g4 Bg6 7. Bb5+ Nc6 8. Ne5 Rc8 9. d4 e6 10. Bf4 Bd6 11. h4 f6 12. Nxg6 hxg6 13. Bxd6 Qxd6 14. Qd3 Kf7 15. Bxc6 bxc6 16. Ne2 c5 17. 0-0-0 Ne7 18. dxc5 Rxc5 19. f4 Rb8 20. Rd2 Ra5 21. Kb1 Qb4 22. c3 Qa4 23. b4 Rc5 24. Rb2 Rc4 25. Nd4 Nc6 26. Nxc6 Qxc6 27. h5 Re4 28. hxg6+ Kxg6 29. f5+ Kf7 30. Rd1 Rc8 31. g5 exf5 32. gxf6 Kxf6 33. b5 Qc4 34. Qg3 Qc7 35. Qf2 Qxc3 36. Qxa7 Qd3+ 37. Ka1 Qxd1+ 38. Rb1 Qd4+ 0-1

[Event "IND-ch U09 op 32nd"]
[Site "Ranchi"]
[Date "2018.09.20"]
[Round "8.9"]
[White "Sriansh, Das"]
[Black "Agarwal, Mukund Hemant"]
[Result "0-1"]
[WhiteElo "1347"]
[BlackElo "1095"]
[PlyCount "120"]
[EventDate "2018.09.15"]
[EventType "swiss"]
[EventRounds "11"]
[EventCountry "IND"]
[SourceTitle "EXT 2024"]
[Source "ChessBase"]
[SourceDate "2023.10.10"]
[SourceVersion "1"]
[SourceVersionDate "2023.10.10"]
[SourceQuality "1"]

1. e4 c5 2. Nf3 d6 3. d4 cxd4 4. Nxd4 Nf6 5. Nc3 g6 6. Be3 Bg7 7. Be2 0-0 8. 0-0 Nc6 9. Kh1 Bd7 10. f4 Rc8 11. Bf3 Na5 12. Qc1 Nc4 13. Bg1 Qa5 14. Nb3 Qc7 15. Bd4 Rfe8 16. Ne2 Ng4 17. c3 e5 18. Bg1 exf4 19. Nxf4 Nf6 20. Qc2 Bh6 21. g3 Bxf4 22. gxf4 Nxe4 23. Qg2 Bc6 24. Nd4 Ncd2 25. Nxc6 Qxc6 26. Qxd2 Nxd2 27. Bxc6 bxc6 28. Rfd1 Ne4 29. Bxa7 c5 30. Kg2 Rc6 31. Re1 Ra6 32. Bb8 f5 33. Bc7 Rc8 34. Bxd6 Rxd6 35. Rad1 Rcd8 36. Rxd6 Rxd6 37. Kf3 Rd2 38. Re2 Kf7 39. Rxd2 Nxd2+ 40. Ke2 Ne4 41. Kd3 Ke6 42. b4 Kd5 43. a4 c4+ 44. Kc2 h6 45. h4 g5 46. hxg5 hxg5 47. fxg5 Nxg5 48. a5 Kc6 49. Kd2 Ne4+ 50. Ke3 Nxc3 51. Kd4 f4 52. Kxc3 f3 53. Kd2 c3+ 54. Kxc3 f2 55. Kc4 f1Q+ 56. Kb3 Kb5 57. Ka3 Qd3+ 58. Ka2 Kxb4 59. a6 Qc2+ 60. Ka1 Kb3 0-1